000 00611nam a2200217 a 4500
001 16886
003 CO-ViMGA
008 141112s2004 ck r 000 u spa d
020 _a9701502906
040 _aCO-ViMGA
_bspa
_cCO-ViMGA
082 0 4 _a537 F375e
100 1 _aFernández Mills, Gonþal; Fernández Ferrer, Julián
_923883
245 1 0 _aElectricidad, teoría de circuitos y magnetismo
250 _a2
260 _aMexico,
_cAlfaomega,
_c2000
300 _a236.p.
590 _aForma de adquisición : Premio - Mincultura
650 1 4 _aELECTROMAGNETISMO
650 1 4 _aMAGNETISMO
942 _2ddc
_cBK
999 _c26520
_d26520